Сверление высокопрочных чугунов свёрлами с винтовой твёрдосплавной головкой; Вестник машиностроения; № 8

Bibliografiska uppgifter
Parent link:Вестник машиностроения: научно-технический и производственный журнал/ Орган Госкомитета Совета Министров СССР по науке и технике.— , 1943-.— 0042-4633
№ 8.— 1971.— С. 73-75
Huvudupphovsman: Виноградов А. А.
Övriga upphovsmän: Аносов Ю. Л., Гершкович Б. М.
Publicerad: 1971
Ämnen:
Materialtyp: Bokavsnitt
KOHA link:https://koha.lib.tpu.ru/cgi-bin/koha/opac-detail.pl?biblionumber=454077

MARC

LEADER 00000naa2a2200000 4500
001 454077
005 20241102104127.0
035 |a (RuTPU)RU\TPU\prd\117172 
035 |a RU\TPU\tpu\7777 
090 |a 454077 
100 |a 20110825a1971 k y0rusy50 ca 
102 |a RU 
200 1 |a Сверление высокопрочных чугунов свёрлами с винтовой твёрдосплавной головкой  |f А. А. Виноградов, Ю. Л. Аносов, Б. М. Гершкович 
461 0 |0 (RuTPU)RU\TPU\prd\97  |x 0042-4633  |t Вестник машиностроения  |o научно-технический и производственный журнал  |f Орган Госкомитета Совета Министров СССР по науке и технике  |d 1943- 
463 0 |0 (RuTPU)RU\TPU\prd\117171  |t № 8  |v С. 73-75  |d 1971 
610 1 |a сверла 
610 1 |a сверление металлов 
610 1 |a труды учёных ТПУ 
700 1 |a Виноградов  |b А. А. 
701 1 |a Аносов  |b Ю. Л. 
701 1 |a Гершкович  |b Б. М. 
801 0 |a RU  |b 63413507  |c 20020118  |g PSBO 
801 2 |a RU  |b 63413507  |c 20140711  |g PSBO 
942 |c BK